Rechtsprobleme im Auslandsgeschäft <Ein> Leitfaden für international tätige Unternehmen und Kreditinstitute unter besonderer Berücksichtigung des Europäischen Wirtschaftsraumes
Salvato in:
| Autore principale: | |
|---|---|
| Natura: | Libro |
| Lingua: | tedesco |
| Pubblicazione: |
Frankfurt am Main
Knapp
1992
|
| Edizione: | 3. überarb. und erw. Aufl. |
| Soggetti: | |
| Tags: |
Nessun Tag, puoi essere il primo ad aggiungerne!!
|
MARC
| LEADER | 00000nam a2200000 4500 | ||
|---|---|---|---|
| 001 | c012077 | ||
| 005 | 20221206083535.4 | ||
| 020 | |a 3-7819-0526-8 | ||
| 041 | 0 | |a ger | |
| 044 | |a DE | ||
| 245 | 1 | 0 | |a Rechtsprobleme im Auslandsgeschäft |b <Ein> Leitfaden für international tätige Unternehmen und Kreditinstitute unter besonderer Berücksichtigung des Europäischen Wirtschaftsraumes |c Christoph Graf von Bernstorff |
| 250 | |a 3. überarb. und erw. Aufl. | ||
| 264 | 1 | |a Frankfurt am Main |b Knapp |c 1992 | |
| 300 | |a 405 s. | ||
| 610 | 2 | 0 | |a právo |
| 610 | 2 | 0 | |a právo medzinárodné |
| 610 | 2 | 0 | |a obchod zahraničný |
| 610 | 2 | 0 | |a styk platobný medzinárodný |
| 610 | 2 | 0 | |a zmluvy |
| 610 | 2 | 0 | |a peniaze |
| 610 | 2 | 0 | |a devízy |
| 610 | 2 | 0 | |a akreditívy |
| 610 | 2 | 0 | |a burzy |
| 610 | 2 | 0 | |a opcie |
| 610 | 2 | 0 | |a trh vnútorný |
| 610 | 2 | 0 | |a úver |
| 610 | 2 | 0 | |a financovanie |
| 610 | 2 | 0 | |a Európa |
| 610 | 2 | 0 | |a USA |
| 100 | 1 | |a Bernstorff, Christoph Graf von | |